Aplique el dBASE II
Guardat en:
| Autor principal: | |
|---|---|
| Format: | Llibre |
| Idioma: | espanyol |
| Publicat: |
Ciudad de México
McGraw-Hill
1985
|
| Matèries: | |
| Etiquetes: |
Afegir etiqueta
Sense etiquetes, Sigues el primer a etiquetar aquest registre!
|
MARC
| LEADER | 00000nam a2200000 a 4500 | ||
|---|---|---|---|
| 001 | UCV6879 | ||
| 003 | CL-VaPUC | ||
| 008 | 921112e19850000MX |||||||||||||||||spa|d | ||
| 082 | 0 | 4 | |a 005.133 |b TOW |2 21 |
| 100 | 0 | |a Townsend, Carl |e author |9 300882 | |
| 245 | 1 | 0 | |a Aplique el dBASE II |
| 300 | |a 221 p | ||
| 942 | |c BK | ||
| 945 | |d 19921112 00:00:00 | ||
| 260 | |a Ciudad de México |b McGraw-Hill |c 1985 | ||
| 650 | 7 | |a DBASE II PROGRAMA PARA COMPUTADOR |2 CL-VaPUC |9 263818 | |
| 583 | |a last modification |c 19921112 00:00:00 |k Rodrigo Vera | ||
| 999 | |c 212705 |d 212703 | ||
| 952 | |0 0 |1 0 |4 0 |6 005_133000000000000_TOW_1985 |7 0 |8 A |9 194163 |a BIBING |b BIBING |d 2019-11-14 |i 1640305 |o 005.133 TOW 1985 |p 1640305 |r 2025-01-20 |w 2019-11-14 |y BK |k ING | ||